Euroopan sisämaavaltiot - Statistics

Yleistilastot
  • Tätä visaa on pelattu 3 337 kertaa
  • Keskiarvotulos 13 / 15
Vastaustilastot
Valtio % Oikein
Slovakia
93%
Sveitsi
93%
Tšekki
93%
Itävalta
91%
Andorra
89%
Unkari
89%
Liechtenstein
88%
Vatikaani
88%
Luxemburg
87%
San Marino
83%
Serbia
82%
Kosovo
80%
Valko-Venäjä
77%
Pohjois-Makedonia
74%
Moldova
73%
Ehtoja vastaavia visoja ei löytynyt
Tulosjakauma
Jokaisen tuloksen saaneiden osuus
Persentiili vastausten määrän mukaan
Tuloshistoriasi
Et ole pelannut tätä visaa